• 首页
  • 本馆介绍
  • 公告通知
  • 最新文献
  • 馆藏检索
  • 电子资源
  • 读者导购
  • 参考咨询
  • 我的图书馆
  • 登录
  • 详细信息显示
  • 放入我的书架
  • 预约/预借图书
  • 作者相关作品
  • 分类相关作品
  • 丛书相关作品
  • 出版社相关作品

书目信息

  • 表格格式
  • 工作单格式
  • 卡片格式
题名:
做最牛的主持人
    
 
作者: 周康梁 著
分册: 2   解码英国经典电视节目
出版信息: 广州   南方日报出版社  2010
页数: 310页
开本: 25cm
丛书名: 英国“最传媒 ” 系列
单 册:
中图分类: K835.615.42 , G229.561
科图分类:
主题词: 电视节目--主持人--简介--英国 , 电视节目--简介--英国 , 电视节目 , 主持人
电子资源:
ISBN: 978-7-80652-994-2
000 01375oam2 2200337 45
001 1130190141
005 20110309143155.48
010    @a978-7-80652-994-2@dCNY39.00
100    @a20110122d2010 ekmy0chiy0120 ea
101 0  @achi
102    @aCN@b440000
105    @aa z 000yy
106    @ar
200 1  @a做最牛的主持人@AZuo Zui Niu De Zhu Chi Ren@h2@i解码英国经典电视节目@IJie Ma Ying Guo Jing Dian Dian Shi Jie Mu@dReaching the peak of broadcasting. 2, Classics programmes and their presenters in British teleuision@f周康梁著@FZhou Kang Liang Zhu@zeng
210    @a广州@c南方日报出版社@d2010
215    @a310页@c图, 肖像@d25cm
225 2  @a英国“最传媒 ” 系列
320    @a有书目(第307页)
330    @a本书作为《做最牛的主持人》的姊妹篇。 新收录近20个英国著名主持人和火爆栏目, 对英国电视原生态继续作更集中而详细的探求。 在内容层次上基本沿袭前作, 在叙述手法上则更为讲究。
461  0 @12001 @a英国“最传媒 ” 系列
510 1  @aReaching the peak of broadcasting@zeng
517 1  @a解码英国经典电视节目 @AJie Ma Ying Guo Jing Dian Dian Shi Jie Mu
606 0  @a电视节目@x主持人@x简介@y英国
606 0  @a电视节目@x简介@y英国
606 0  @a电视节目
606 0  @a主持人
690    @aK835.615.42@v4
690    @aG229.561@v4
701  0 @a周康梁@AZhou Kang Liang@4著
801  0 @aCN@bTANGWEI@c20110309
905    @b0530309-12@dK835.615.42@e696@f4
    
    做最牛的主持人.2.解码英国经典电视节目=Reaching the peak of broadcasting. 2, Classics programmes and their presenters in British teleuision/周康梁著.-广州:南方日报出版社,2010
    310页:图, 肖像;25cm.-(英国“最传媒 ” 系列)
    
    
    ISBN 978-7-80652-994-2:CNY39.00
    本书作为《做最牛的主持人》的姊妹篇。 新收录近20个英国著名主持人和火爆栏目, 对英国电视原生态继续作更集中而详细的探求。 在内容层次上基本沿袭前作, 在叙述手法上则更为讲究。
●
相关链接 在E读中查询图书 在五车中查询图书 在当当中查询图书 在豆瓣中查询图书


正题名:做最牛的主持人     索取号:K835.615.42/696         预约/预借

序号 登录号 条形码 馆藏地/架位号 状态 备注
1 0530309   205303090   第二样本阅览室/ [索取号:K835.615.42/696] 在馆    
2 0530310   205303107   第二借阅区/ [索取号:K835.615.42/696] 在馆    
3 0530311   205303116   密集书库-文学院/ [索取号:K835.615.42/696] 在馆    
4 0530312   205303125   第二借阅区/ [索取号:K835.615.42/696] 在馆    
唐山师范学院图书馆 欢迎您!
大连网信软件有限公司© 版权所有